000 00772nam a22002537a 4500
005 20170123162353.0
010 _aA-644457
020 _c15.00
035 _aA-644457
037 _bCen Lib/Ret
040 _aDPL
_bUR
082 _a843.08
_bپ ط ر
100 _aپطرس
_9137696
245 _a/ پطرس کے مضامین
_cپطرس
246 _aPatras ke mazameen /
_bby Patras
260 _a نئی دہلی
_bاعجاز پبلشنگ ہاؤس
_c1995
270 _aدریا گنج
_b نئی دہلی
_e110002
300 _a103p.
_c16cm(Hb)
650 _aادب -- اردو
_9137697
650 _aمضامین
_9137698
650 _aUrdu -- Literature
_9137699
650 _aArticles
_9131350
942 _2ddc
_cUR
_h843.08
_mپ ط ر
999 _c109413
_d109413